Thailand petrochemicals report Q2 2014 : Includes 5 - year forecasts to 2018.
| Format: | Book |
|---|---|
| Published: |
London:
Business Monitor International,
2014.
|
| Series: | Part of BMI's industry report & forecasts series
|
| Subjects: |
| LEADER | 00545cam a2200157 7i4500 | ||
|---|---|---|---|
| 001 | 0000031545 | ||
| 005 | 20140811090000.0 | ||
| 022 | 0 | 0 | |a 17492491 |
| 090 | 0 | 0 | |a THAI 661.804 |b THA |
| 245 | 0 | 0 | |a Thailand petrochemicals report Q2 2014 : |b Includes 5 - year forecasts to 2018. |
| 260 | 0 | 0 | |a London: |b Business Monitor International, |c 2014. |
| 300 | # | # | |a 95 p. |
| 440 | 0 | 0 | |a Part of BMI's industry report & forecasts series |
| 650 | 0 | 0 | |a Petroleum chemicals industry -- |z Thailand |
| 651 | 0 | 0 | |a Thailand |
| 999 | |a B000034647 |b Book |c Products |e Business Information Centre | ||